Zlepšovanie procesov pomocou regulačných diagramov

Regulačné diagramy umožňujú vizuálne zhodnotenie výrobného procesu s ohľadom na jeho polohu a rozptyl. Pre tieto účely sú presné štatistické údaje (ako je počet chybných kusov, počet chýb na jednotku, postupnosť hodnôt, priemery, mediány, smerodajné odchýlky a rozpätie) nakreslené za meraný čas a po...

Descrizione completa

Salvato in:
Dettagli Bibliografici
Autore principale: Coroničová Hurajová, Jana, 1986-
Altri autori: Šanda, Martin, Očko, Petr
Natura: Capitolo di libro
Lingua:slovacco
Soggetti:
Tags: Aggiungi Tag
Nessun Tag, puoi essere il primo ad aggiungerne!!

MARC

LEADER 00000nla a2200000 4500
001 0238200
005 20240502073843.3
041 0 |a slo 
044 |a SK 
245 1 0 |a Zlepšovanie procesov pomocou regulačných diagramov  |c Jana Coroničová Hurajová, Martin Šanda, Petr Očko 
520 |a Regulačné diagramy umožňujú vizuálne zhodnotenie výrobného procesu s ohľadom na jeho polohu a rozptyl. Pre tieto účely sú presné štatistické údaje (ako je počet chybných kusov, počet chýb na jednotku, postupnosť hodnôt, priemery, mediány, smerodajné odchýlky a rozpätie) nakreslené za meraný čas a porovnané s limitnými hranicami za účelom odhadu umiestnenia a rozptylu. Toto porovnanie umožňuje vykonať výpovede o kvalite (stabilite) procesov. Základné pravidlá pre konštrukciu regulačného diagramu. Regulačné diagramy pre diskrétne charakteristiky. 
610 2 0 |a diagramy regulačné 
610 2 0 |a štatistika 
610 2 0 |a odhady 
610 2 0 |a procesy podnikové 
100 1 |a Coroničová Hurajová, Jana, 1986- 
700 1 |a Šanda, Martin 
700 1 |a Očko, Petr